Narraciones de tradición oral : mito, folcor y programación social /

Kaydedildi:
Detaylı Bibliyografya
Yazar: Arias Rojas, Vilma Mayela
Materyal Türü: Bilinmiyor
Dil:Spanish
Baskı/Yayın Bilgisi: San José, Costa Rica : [editor no identificado], 1995.
Konular:
Etiketler: Etiketle
Etiket eklenmemiş, İlk siz ekleyin!

MARC

LEADER 000000000a22000000004500
001 002780
041 0 |a spa 
082 0 4 |a 138 
100 1 |a Arias Rojas, Vilma Mayela 
245 1 0 |a Narraciones de tradición oral :   |b mito, folcor y programación social /   |c Vilma Mayela Arias Rojas. 
260 1 |a San José, Costa Rica :   |b [editor no identificado],   |c 1995. 
300 |a 51 páginas 
650 4 |a MITO 
650 4 |a FOLKLORE 
650 4 |a TRADICION ORAL 
650 4 |a CULTURA 
650 4 |a IDENTIDAD 
999 |c 9136  |d 9136 
942 |c BK  |h 138   |2 z